[Event "Las Americas Team op U2400 Hybrid"]
[Site "Internet"]
[Date "2022.05.14"]
[Round "2.3"]
[White "Arenas Lavado, Luciana Andrea"]
[Black "Leon Marmol, Carlos"]
[Result "1-0"]
[WhiteElo "1378"]
[BlackElo "1617"]
[PlyCount "39"]
[EventDate "2022.05.14"]
[EventType "team-swiss"]
[EventRounds "5"]
[EventCountry "VEN"]
[SourceTitle "EXT 2023"]
[Source "ChessBase"]
[SourceDate "2022.10.05"]
[SourceVersion "1"]
[SourceVersionDate "2022.10.05"]
[SourceQuality "1"]

1. e4 Nf6 2. Nc3 d6 3. d4 c6 4. Nf3 Bg4 5. Be2 Nbd7 6. 0-0 Qc7 7. Bf4 0-0-0 8. Ng5 Bxe2 9. Qxe2 Re8 10. Nxf7 Rg8 11. e5 Nd5 12. Nxd5 cxd5 13. exd6 Qc4 14. Qe6 Qxd4 15. Ne5 Rd8 16. Nxd7 Qxf4 17. Qxg8 Kxd7 18. Qxd5 Qxd6 19. Qxb7+ Qc7 20. Rad1+ 1-0